Components and finishes

Bibliographic Details
Main Authors: Ariba, Harold King, Ariba, Alan Everett
Format: Section = Libro
Language:Undetermined
Spanish
Published: Great Britain B.T. Batsford Limited 1971
Subjects:
LEADER 00475nam a2200181Ia 4500
008 240829s9999 xx 000 0 und d
040 |a BIBLIOTECA-RUSB/ 721 A697 
041 |a spa 
082 |a 721 A697 
100 1 |a Ariba, Harold King  
100 1 |b  Ariba, Alan Everett 
245 1 0 |a Components and finishes 
260 |a Great Britain  |b B.T. Batsford Limited  |c 1971 
300 |a 444 p. :il. 
650 7 |a CONSTRUCCION ARQUITECTURA 
942 |c BK  |2 ddc 
991 |a TEXTO 
999 |c 5094